000 00919nam a2200265Ii 4500
001 39227
005 20250911185311.0
008 241108s9999||||xx |||||||||||||| ||und||
020 _a9561213478
040 _aCO-ViMGA
_bspa
_erda
_cCO-ViMGA
084 _aCSOL8c
100 1 _aSolar, Hernán del
_d1901-1985
_eautor
_964855
245 1 0 _aEl crimen de la calle bambi /
_cHernán del Soler ; ilustraciones Andrés Jullián
250 _a14 edición
264 1 _aSantiago, Chile :
_bZig-Zag,
_c2007.
300 _a110 páginas
_bilustraciones en blanco y negro
_c18 cm.
336 _atexto
_btxt
_2rdacontenido
337 _ano mediado
_bn
_2rdamedio
338 _avolumen
_bnc
_2rdasoporte
500 _aCh863.83 S64c
650 1 7 _aCuentos infantiles chilenos.
_2BLAAUTO
_9756
650 1 7 _aAnimales
_2BLAAUTO
_vCuentos infantiles.
_943815
650 1 7 _aMisterios
_2BLAAUTO
_vCuentos infantiles
_964856
942 _cBKINF
999 _c39227
_d39227